| 000 | 00556nam a2200157Ia 4500 | ||
|---|---|---|---|
| 003 | Ost | ||
| 005 | 20260507075701.0 | ||
| 008 | 260507s9999||||xx |||||||||||||| ||und|| | ||
| 040 | _cfsecg | ||
| 041 | _aara | ||
| 100 |
_aالسيسي، صلاح الدين حسنى _eمؤلف |
||
| 245 | 0 |
_aالاتحاد الاوروبي والعملة الاوروبية الموحدة(اليورو) / _c صلاح الدين حسنى السيسي |
|
| 260 |
_aالقاهرة: _b[دون ناشر], |
||
| 653 | _aاتحاد اوروبي - اليورو | ||
| 942 | _cكتاب | ||
| 999 |
_c45813 _d45813 |
||